| 000 | 01155nam a22003617a 4500 | ||
|---|---|---|---|
| 001 | 0021332 | ||
| 003 | KOHA_MİRAKIL | ||
| 005 | 20260207002316.0 | ||
| 007 | ta | ||
| 008 | 100816b2004 tu a|||gr||||#||||0|tur | | ||
| 020 | _a9753382962 | ||
| 040 |
_aTR-BiSEU _btur _cTR-BiSEU _erda |
||
| 041 | 0 | _atur | |
| 044 | _ctu | ||
| 050 |
_aML419.E78 _bT65 2004 |
||
| 100 | 1 | _aTokel, Bayram Bilge. | |
| 245 | 1 |
_aNeşet Ertaş kitabı/ _cBayram Bilge Tokel ; Bayram Bilge Tokel. |
|
| 250 | _a2. baskı. | ||
| 264 | 1 |
_aAnkara : _bAkçağ Yayınları _c2004 |
|
| 300 |
_a320 sayfa : _bres. ; _c20 cm. |
||
| 336 |
_ametin _btxt _2rdacontent |
||
| 337 |
_aaracısız _bn _2rdamedia |
||
| 338 |
_acilt _bnc _2rdacarrier |
||
| 490 | 1 |
_aAkçağ yayınları ; _v312 Biyografi-inceleme ; _v12 |
|
| 500 | _aKaynakça ve dizin var. | ||
| 650 | 0 |
_aErtaş, Neşet. _945495 |
|
| 650 | 0 |
_aMusicians--Turkey--Biography. _915869 |
|
| 650 | 0 |
_aFolk musicians--Turkey--Biography. _945496 |
|
| 650 | 0 |
_aFolk musicians--Turkey. _945497 |
|
| 650 | 0 |
_aMusicians--Turkey. _945498 |
|
| 830 | 1 |
_aAkçağ yayınları ; _v312 Biyografi-inceleme ; _v12 _97970 |
|
| 942 |
_2lcc _cBK |
||
| 999 |
_c21288 _d21288 |
||